Detalles MARC
| 000 -LEADER |
| campo de control de longitud fija |
00910nam a2200301Ia 4500 |
| 005 - FECHA Y HORA DE LA ÚLTIMA TRANSACCIÓN |
| campo de control |
20250425162842.0 |
| 008 - DATOS DE LONGITUD FIJA--INFORMACIÓN GENERAL |
| campo de control de longitud fija |
250425s9999 xx 000 0 und d |
| 020 ## - NÚMERO INTERNACIONAL ESTÁNDAR DEL LIBRO |
| Número Internacional Estándar del Libro |
9786071517616 |
| 041 ## - CÓDIGO DE IDIOMA |
| Código de lengua del texto/banda sonora o título independiente |
spa |
| 082 ## - NÚMERO DE LA CLASIFICACIÓN DECIMAL DEWEY |
| Número de clasificación |
658.15 |
| Iniciales del Autor |
ROS |
| 010 ## - NÚMERO DE CONTROL DE LA BIBLIOTECA DEL CONGRESO |
| Número de control de LC |
113661 |
| 100 ## - ENTRADA PRINCIPAL--NOMBRE DE PERSONA |
| Nombre de persona |
Ross, Stephen A. |
| 245 #0 - MENCIÓN DEL TÍTULO |
| Título |
Finanzas Corporativas |
| Mención de responsabilidad, etc. |
Stephen A., Ross; Randolph W., Westerfield; Jeffrey, Jaffe; Trad. María de Lourdes, Amador Araujo |
| 250 ## - MENCION DE EDICION |
| Mención de edición |
13a.ed. |
| 260 ## - PUBLICACIÓN, DISTRIBUCIÓN, ETC. |
| Lugar de publicación, distribución, etc. |
México |
| Nombre del editor, distribuidor, etc. |
McGraw-Hill |
| Fecha de publicación, distribución, etc. |
2022 |
| 260 ## - PUBLICACIÓN, DISTRIBUCIÓN, ETC. |
| Lugar de publicación, distribución, etc. |
S.L. |
| 300 ## - DESCRIPCIÓN FÍSICA |
| Extensión |
1022 páginas |
| Otras características físicas |
Tablas, cuadros |
| Dimensiones |
20x30 cm. |
| 500 ## - NOTA GENERAL |
| Nota general |
Título traducido: corporate finance |
| 650 ## - PUNTO DE ACCESO ADICIONAL DE MATERIA--TÉRMINO DE MATERIA |
| Término de materia o nombre geográfico como elemento de entrada |
Corporativo |
| 650 ## - PUNTO DE ACCESO ADICIONAL DE MATERIA--TÉRMINO DE MATERIA |
| Término de materia o nombre geográfico como elemento de entrada |
Estados Financieros |
| 650 ## - PUNTO DE ACCESO ADICIONAL DE MATERIA--TÉRMINO DE MATERIA |
| Término de materia o nombre geográfico como elemento de entrada |
Finanzas |
| 650 ## - PUNTO DE ACCESO ADICIONAL DE MATERIA--TÉRMINO DE MATERIA |
| Término de materia o nombre geográfico como elemento de entrada |
Inversión |
| 650 ## - PUNTO DE ACCESO ADICIONAL DE MATERIA--TÉRMINO DE MATERIA |
| Término de materia o nombre geográfico como elemento de entrada |
Modelos Financieros |
| 700 ## - ENTRADA AGREGADA--NOMBRE PERSONAL |
| Nombre de persona |
Amador Araujo, María de Lourdes, |
| Término indicativo de función/relación |
Traductora |
| 700 ## - ENTRADA AGREGADA--NOMBRE PERSONAL |
| Nombre de persona |
Westerfield, Randolph W. |
| 902 ## - ELEMENTOS DE DATOS B LOCAL, LDB (RLIN) |
| a |
Libro |
| 942 ## - ELEMENTOS DE ENTRADA SECUNDARIOS (KOHA) |
| Tipo de ítem Koha |
Libros |